000
00287nam a22001337a 4500
008
170802b xxu||||| |||| 00| 0 eng d
020
_a
9780538719988
041
_a
eng
080
_a
004
100
_a
32
101
_a
SHKI
245
_a
COLLEGE KEYBOARDING
_c
VANHUSS
942
_2
udc
_c
BK
999
_c
22481
_d
22481